000 00634nam a2200253Ia 4500
008 160803s9999 xx 000 0 und d
020 _a0 590558498
100 _aHall, Zoe
245 _aIt's pumpkin time! /
245 _cby Zoe Hall ; illustrated by Shari Halpern.
260 _aNew York :
260 _bScholastic Inc.
260 _c1994
300 _aunnumbered pages :
300 _bcolor illustrations ;
300 _c23 x 28 cm.
650 _aHalloween --
650 _aJack-o-lanterns --
650 _aPumpkin --
650 _xFiction.
650 _xFiction.
650 _xFiction.
700 _a530
999 _c299140
_d299140